000 00335nam a2200145Ia 4500
005 20251222153643.0
008 251222s9999||||xx |||||||||||||| ||spa||
020 _a8831509977
082 _a200/G51
100 _aGiudici, Maria Pia
245 0 _aSulle Strade della Sapienza
250 _a1ra.ed.
264 _bPaoline
942 _cLIB
999 _c32815
_d32815